Weird Knowledge #3 - Statistics

General Stats
  • This quiz has been taken 46 times
    44 since last reset
  • The average score is 3 of 10
Answer Stats
Hint Answer % Correct
How many inches does Mount Everest grow each year? 6
89%
How many hearts does a cockroach have? 13
61%
What is the strongest muscle in you body? Tongue
44%
How many countries don't have a military? 36
33%
What is the tallest mountain in the world? Mauna Kea
14%
What animal was vacuum cleaner originally drawn by? Horse
8%
What is the longest word that can be made using the letters only on one row of the keyboard? Typewriter
8%
What city has the most bridges in the world? (446) Pittsburgh
6%
What food causes the most weight gain? Potato chips
3%
What is shellac made of? Bug droppings/waste
0%
No matching quizzes found
Score Distribution
Percent of People with Each Score
Percentile by Number Answered
Your Score History
You have not taken this quiz since the last reset